Missing Word: Famous Trios Quiz Stats

 Plays Quiz Updated Sep 18, 2017

Challenge
Share
Tweet
Embed
Score 0/20 Timer 03:00
3 Plays Today
Trio Answer % Correct
Red, White, ________Blue
98.1%
Past, ________, FuturePresent
97.6%
________, Myself, IMe
96.4%
________, Fork, SpoonKnife
95.6%
Father, _______, Holy GhostSon
94.8%
Snap, Crackle, ________Pop
92.7%
Bacon, ________, TomatoLettuce
92%
Good, Bad, ________Ugly
91%
Lions, ________, BearsTigers
90.9%
Tall, ________, HandsomeDark
90.4%
Trio Answer % Correct
________, Drop, RollStop
90.3%
Sex, ________, Rock n' RollDrugs
88.9%
________, Line, SinkerHook
83.9%
Harry, Ron, ________Hermione
75.8%
Simba, ________, PumbaaTimon
74.2%
________, Larry, CurlyMoe
71.1%
________, Legislative, JudicialExecutive
62.9%
Alvin, ________, TheodoreSimon
61.4%
Chico, Harpo, ________Groucho
37.3%
Jack, Janet, ________Chrissy
17.6%

Today's Daily Dose

You're not logged in!

Compare scores with friends on all Sporcle quizzes.
Join for Free
OR
Log In

You Might Also Like...

Show Comments

Extras

Top Quizzes Today


Score Distribution

Your Account Isn't Verified!

In order to create a playlist on Sporcle, you need to verify the email address you used during registration. Go to your Sporcle Settings to finish the process.

Report this User

Report this user for behavior that violates our Community Guidelines.

Details: